000 00715nam a2200241Ia 4500
003 OSt
005 20220923222025.0
006 a|||||r|||| 00| 0
007 ta
008 220922b |||||||| |||| 00| 0 hin d
024 _a201,833
037 _cTextual
040 _aARTS
_cARTS
_bhin
041 _2hin
_ahin
082 _aO33,2N38,1, 152L7-;11
100 _aकारनाड, गिरीश
245 0 _aतुगलक
246 _aTugalaka
260 _aेकारन्त
_b राधाकृष्ण प्रका0
_c1977
300 _a144पृ.
_ccm.
942 _hO33,2N38,1, 152L7-;11
_cTEXL
_2CC
999 _c353396
_d353396